000 00319pab a2200133 454500
008 180718b xxu||||| |||| 00| 0 eng d
100 _aSinsha, S.L.N
245 _aThe stock market scandal
650 _a Mehta, Harshad
650 _a Stock-Market
650 _aCorruption
773 _aFinancial Express
909 _a21671
999 _c21671
_d21671